| 000 | 01797nam a2200229Ia 4500 | ||
|---|---|---|---|
| 001 | 6621 | ||
| 008 | 260622s9999 xx 000 0 und d | ||
| 020 | _a9789953891040 | ||
| 245 | 0 |
_aموسيقى سوداء و قصص أخرى/ _cوليام فولكنر. مترجم: سامر أبو هواش |
|
| 260 |
_bدار الآداب، بيروت؛ كلمة، أبو ظبي؛ _c2009 |
||
| 300 |
_a550p; _c22x14cm |
||
| 505 | _aOriginal title: Vintage International Collected Stories of William Faulkner. Black Music and other Stories. By William Faulkner. Translated by Samer Abu Hawash ------This collection offers a fascinating glimpse into Faulkner's exploration of Southern life, cultural tensions, and human resilience, making it an essential read for literature enthusiasts. | ||
| 520 | _aV. THE MIDDLE GROUND Wash- ووش Honor- شرف Dr. Martin- د. مارتينو Fox Hunt- صيد ثعلبة Pennsylvania Station- محطّة بنسلفانيا Artist at Home- فنان في المنزل The Brooch- البروش Grandmother Millard- جدّتي ميلارد و الجنرال بدفورد فورست و معركة هارىكين كريك Golden Land- الأرض الذهبية There Was a Queen- كانت هناك ملكة Mountain Victory- انتصار جبلي VI. BEYOND - ماوراء Beyond- ماوراء Black Music- موسيقي سوداء The Leg- السّاق Mistral- الميسترال Divorce in Naples- طلاق في نابولي Carcassonne- كاركسون | ||
| 546 | _aArabic | ||
| 650 | _aPJ7501-8517 Arabic literature | ||
| 650 |
_aTranslated works _99470 |
||
| 651 | _aUSA | ||
| 655 |
_aFiction رواية _99471 |
||
| 700 |
_aAbu Hawash, Samer سامر أبو هواش _99472 |
||
| 700 |
_aFaulkner, William وليم فوكنر _99473 |
||
| 942 | _cBK | ||
| 999 |
_c6621 _d6621 |
||